000 01448cad a22003255a 4500
001 121976
003 115515
005 20240725092811.0
008 240724t2024 xxk f v 000 0 eng d
020 _a9781783215225
041 0 _aeng
050 0 4 _a692.8 $2 18
110 2 _aRoyal Institution of Chartered Surveyors
_94900
245 0 0 _aAscertaining loss and expense
_h[electronic resource]
250 _a2nd
260 _aLondon
_bRICS
_c2024
300 _a41 p.
490 0 _aRICS Practice Information
490 0 _aRICS Black Book
520 _aEffective from July 2024. The ascertainment of loss and expense is a set of tasks that endeavour to calculate as precisely as possible, and in accordance with the contract, the additional costs or losses incurred by one party directly due to a default of the other. This guidance note covers what is loss and expense, standard forms of contracts, global claims, methods of analysis of loss and expense, and strengths and weaknesses of the various methods.
520 _aSupercedes 1st edition, 2015 ISBN 9781783211142
521 _aAdvanced
650 2 4 _aCONTRACT CLAIMS
650 2 4 _aBLACK BOOK
650 2 4 _aRICS QS AND CONSTRUCTION STANDARDS
651 4 _aUnited Kingdom
690 _aContracts
_96232
856 4 1 _uhttps://www.rics.org/content/dam/ricsglobal/documents/standards/Ascertaining-loss-and-expense_2nd_July-2024.pdf
_zAvailable on RICS.org
942 _n0
_2ddc
999 _c121976
_d121976